MARC details
| 000 -CABECERA |
| campo de control de longitud fija |
01067nam a2200265 a 4500 |
| 001 - NÚMERO DE CONTROL |
| campo de control |
000007987 |
| 005 - FECHA Y HORA DE LA ÚLTIMA TRANSACCIÓN |
| campo de control |
20200929154400.0 |
| 008 - DATOS DE LONGITUD FIJA--INFORMACIÓN GENERAL |
| campo de control de longitud fija |
090828s1999 dr c 000 0 spa d |
| 020 ## - NÚMERO INTERNACIONAL ESTÁNDAR DEL LIBRO |
| Número Internacional Estándar del Libro |
9993422037 |
| 040 ## - FUENTE DE LA CATALOGACIÓN |
| Centro catalogador/agencia de origen |
DO-SdBNP |
| 082 ## - NÚMERO DE LA CLASIFICACIÓN DECIMAL DEWEY |
| Número de clasificación |
342.05 |
| Número de documento/Ítem |
R332f |
| 049 ## - FONDOS LOCALES (OCLC) |
| Fondos de biblioteca |
BNPD |
| 245 03 - MENCIÓN DE TÍTULO |
| Título |
La función legislativa en la reforma constitucional. / |
| Mención de responsabilidad, etc. |
expositor José Darío Suárez Martínez; comentarista Pelegrín Castillo. |
| 260 ## - PUBLICACIÓN, DISTRIBUCIÓN, ETC. |
| Lugar de publicación, distribución, etc. |
Santo Domingo, : |
| Nombre del editor, distribuidor, etc. |
Comisión presidencial para la reforma y modernización del estado., |
| Fecha de publicación, distribución, etc. |
1999. |
| 300 ## - DESCRIPCIÓN FÍSICA |
| Extensión |
133 P. : |
| Otras características físicas |
retrs. ; |
| Dimensiones |
21 cm. |
| 490 0# - MENCIÓN DE SERIE |
| Mención de serie |
Conversatorios |
| Designación de volumen o secuencia |
4 |
| 490 0# - MENCIÓN DE SERIE |
| Mención de serie |
Colección Debates Constitucionales |
| -- |
Serie conversatorios |
| Designación de volumen o secuencia |
4 |
| 500 ## - NOTA GENERAL |
| Nota general |
3 de mayo del 1999 |
| 650 #4 - PUNTO DE ACCESO ADICIONAL DE MATERIA--TÉRMINO DE MATERIA |
| Término de materia o nombre geográfico como elemento de entrada |
Jurisprudencia |
| Subdivisión geográfica |
República Dominicana |
| 9 (RLIN) |
21317 |
| 650 #4 - PUNTO DE ACCESO ADICIONAL DE MATERIA--TÉRMINO DE MATERIA |
| Término de materia o nombre geográfico como elemento de entrada |
Reformas constitucionales |
| Subdivisión geográfica |
República Dominicana |
| 9 (RLIN) |
8313 |
| 700 1# - PUNTO DE ACCESO ADICIONAL--NOMBRE DE PERSONA |
| Nombre de persona |
Suárez Martínez, José Darío |
| Término indicativo de función/relación |
ex. |
| 9 (RLIN) |
21833 |
| 700 1# - PUNTO DE ACCESO ADICIONAL--NOMBRE DE PERSONA |
| Nombre de persona |
Castillo, Pelegrín |
| 9 (RLIN) |
21834 |
| 830 #0 - PUNTO DE ACCESO ADICIONAL DE SERIE-TÍTULO UNIFORME |
| Título uniforme |
Conversatorios |
| Designación de volumen o secuencia |
4 |
| 9 (RLIN) |
17053 |
| 830 #0 - PUNTO DE ACCESO ADICIONAL DE SERIE-TÍTULO UNIFORME |
| Título uniforme |
Colección Debates constitucionales |
| Nombre de parte o sección de la obra |
Serie Conversatorios |
| Designación de volumen o secuencia |
4 |
| 9 (RLIN) |
21835 |